| 000 | 00690nam a2200217 a 4500 | ||
|---|---|---|---|
| 005 | 20141204135405.0 | ||
| 008 | 140127b2002 ck ||||| |||| 00| 0 spa d | ||
| 040 | _cCO-BoIH | ||
| 041 | _aspa | ||
| 044 | _ack | ||
| 090 |
_aIAVH _b00531 |
||
| 100 |
_aRudas Lleras, Guillermo _929836 |
||
| 245 | _aConstrucción de la línea base de información ambiental para Colombia y elaboración del diagnóstico ambiental con corte a 2001 | ||
| 260 |
_aBogotá _bInstituto Alexander von Humboldt _c2002 |
||
| 300 | _a360 p. | ||
| 700 |
_aArmenteras, Dolors _92694 |
||
| 700 |
_aRodríguez, Nelly _92387 |
||
| 700 |
_aRomero, Milton Hernán _95156 |
||
| 942 |
_cINFORME _02 _2z |
||
| 945 | _d2006-02-08 | ||
| 999 |
_c5225 _d5225 |
||